Miami Dolphins Head Coaches - Statistics

General Stats
  • This quiz has been taken 83 times
    62 since last reset
  • The average score is 8 of 14
Answer Stats
Era Hint Answer % Correct
Miami Dolphins 1970-1995 Don Shula
98%
Miami Dolphins 2022 Mike McDaniel
92%
Miami Dolphins 2019-2021 Brian Flores
88%
Miami Dolphins 2005-2006 Nick Saban
78%
Miami Dolphins 2016-2018 Adam Gase
69%
Miami Dolphins 1996-1999 Jimmy Johnson
67%
Miami Dolphins 2012-2015 Joe Philbin
57%
Miami Dolphins 2015* Dan Campbell
53%
Miami Dolphins 2000-2004 Dave Wannstedt
53%
Miami Dolphins 2008-2011 Tony Sparano
49%
Miami Dolphins 2007 Cam Cameron
41%
Miami Dolphins 1966-1969 George Wilson
33%
Miami Dolphins 2011* Todd Bowles
27%
Miami Dolphins 2004* Jim Bates
18%
No matching quizzes found
Score Distribution
Percent of People with Each Score
Percentile by Number Answered
Your Score History
You have not taken this quiz since the last reset